| 000 | 01230nam a22003257a 4500 | ||
|---|---|---|---|
| 003 | CHAP | ||
| 005 | 20220817042551.0 | ||
| 008 | 971013s1979 r 00010 d | ||
| 010 | _a48314 | ||
| 011 | _a49286 | ||
| 035 | _a53434 | ||
| 040 | _cCHAP | ||
| 090 | _aTesis | ||
| 100 | 0 | 0 |
_aSalinas González, Sergio Alejandro. _9101666 |
| 245 | _aEvaluación de la resistencia de seis variedades de tomate (Lycopersicon esculentum Mill) a Alternaria solani (Ell y G. Martín) L.R Jones y Grour empleando el filtrado tóxico del hongo | ||
| 260 |
_aMonterrey, N.L. : _bEl autor, _c1979 |
||
| 300 | _a90 h. | ||
| 502 | _aTesis (M.C. Esp. en Parasitología Agrícola) -- ITESM. Div. de Ciencias Agropecuarias y Marítimas | ||
| 590 |
_aALEPH _b10 _c20130110 _lUCH01 _h1319 |
||
| 590 |
_aBATCH-UPD _b10 _c20130110 _lUCH01 _h1952 |
||
| 590 |
_aBATCH-UPD _b10 _c20130410 _lUCH01 _h1314 |
||
| 590 |
_aBATCH-UPD _b10 _c20130914 _lUCH01 _h0302 |
||
| 590 |
_aCONVERSION _b10 _c20130109 _lUCH01 _h1326 |
||
| 650 | 1 | 4 | _aAlternaria solani. |
| 650 | 1 | 4 |
_aTomate _xEnfermedades por hongos. _9113713 |
| 650 | 1 | 4 |
_aTomate _xVariedades resistentes a enfermedades. _9113778 |
| 901 | _aBK | ||
| 942 | _cTESIS | ||
| 949 |
_bBC _cTES _d-118490 _eTS1 _i53434 _si |
||
| 999 |
_c48314 _d48314 |
||